2以上の地下鉄路線が乗り入れる駅(全国) - Statistics

General Stats
  • This quiz has been taken 680 times
  • The average score is 64 of 105
Answer Stats
Hint Answer % Correct
東京メトロ・東京都交通局 新宿/新宿西口
93%
仙台市交通局 仙台
88%
東京メトロ・東京都交通局 池袋
88%
東京メトロ・東京都交通局 大手町
88%
東京メトロ・東京都交通局 渋谷
88%
札幌市交通局 さっぽろ
86%
東京メトロ・東京都交通局 上野
86%
東京メトロ・東京都交通局 赤坂見附/永田町
82%
東京メトロ・東京都交通局 銀座/銀座一丁目
82%
名古屋市交通局 名古屋
82%
東京メトロ・東京都交通局 国会議事堂前/溜池山王
81%
東京メトロ・東京都交通局 日比谷/有楽町
81%
東京メトロ・東京都交通局 飯田橋
80%
東京メトロ・東京都交通局 新宿三丁目
79%
東京メトロ・東京都交通局 浅草
78%
Osaka Metro | 東京メトロ・東京都交通局 日本橋
78%
東京メトロ・東京都交通局 表参道
74%
東京メトロ・東京都交通局 目黒
74%
Osaka Metro 梅田/西梅田/東梅田
74%
札幌市交通局 大通
73%
東京メトロ・東京都交通局 市ケ谷
73%
東京メトロ・東京都交通局 北千住
73%
東京メトロ・東京都交通局 新橋
73%
横浜市交通局 センター北
73%
横浜市交通局 センター南
73%
東京メトロ・東京都交通局 青山一丁目
72%
東京メトロ・東京都交通局 押上
72%
東京メトロ・東京都交通局 春日/後楽園
72%
東京メトロ・東京都交通局 九段下
72%
福岡市交通局 博多
72%
東京メトロ・東京都交通局 四ツ谷
71%
東京メトロ・東京都交通局 和光市
71%
Osaka Metro なんば
71%
東京メトロ・東京都交通局 六本木
70%
東京メトロ・東京都交通局 岩本町/秋葉原
69%
東京メトロ・東京都交通局 神保町
69%
東京メトロ・東京都交通局 三田
69%
東京メトロ・東京都交通局 小竹向原
68%
東京メトロ・東京都交通局 白金高輪
68%
東京メトロ・東京都交通局 地下鉄成増
68%
名古屋市交通局 金山
68%
名古屋市交通局
68%
神戸市交通局 三宮/三宮・花時計前
68%
東京メトロ・東京都交通局 地下鉄赤塚
67%
東京メトロ・東京都交通局 要町
66%
東京メトロ・東京都交通局 明治神宮前
66%
Osaka Metro 天王寺
66%
東京メトロ・東京都交通局 霞ケ関
64%
東京メトロ・東京都交通局 白金台
64%
東京メトロ・東京都交通局 大門
64%
東京メトロ・東京都交通局 淡路町/小川町/新御茶ノ水
62%
東京メトロ・東京都交通局 上野御徒町/上野広小路/仲御徒町
62%
東京メトロ・東京都交通局 水天宮前/人形町
62%
東京メトロ・東京都交通局 中野坂上
62%
東京メトロ・東京都交通局 門前仲町
62%
東京メトロ・東京都交通局 千川
61%
東京メトロ・東京都交通局 氷川台
61%
東京メトロ・東京都交通局 茅場町
60%
東京メトロ・東京都交通局 清澄白河
60%
東京メトロ・東京都交通局 東銀座
60%
京都市交通局 烏丸御池
60%
東京メトロ・東京都交通局 住吉
59%
東京メトロ・東京都交通局 平和台
59%
Osaka Metro 本町
59%
東京メトロ・東京都交通局 東新宿
57%
東京メトロ・東京都交通局 馬喰横山/東日本橋
56%
東京メトロ・東京都交通局 本郷三丁目
56%
東京メトロ・東京都交通局 森下
56%
東京メトロ・東京都交通局 蔵前
55%
Osaka Metro 心斎橋/四ツ橋
55%
東京メトロ・東京都交通局 麻布十番
54%
東京メトロ・東京都交通局 月島
54%
東京メトロ・東京都交通局 三越前
54%
東京メトロ・東京都交通局 虎ノ門/虎ノ門ヒルズ
53%
Osaka Metro 谷町九丁目
50%
Osaka Metro 谷町六丁目
50%
Osaka Metro 谷町四丁目
50%
神戸市交通局 新神戸
50%
東京メトロ・東京都交通局 新富町/築地
49%
神戸市交通局 新長田
48%
福岡市交通局 中洲川端
47%
Osaka Metro 動物園前
46%
名古屋市交通局 久屋大通
45%
名古屋市交通局 伏見
45%
名古屋市交通局 平安通
44%
Osaka Metro 大国町
44%
Osaka Metro 堺筋本町
42%
Osaka Metro 天神橋筋六丁目
41%
名古屋市交通局 新瑞橋
40%
名古屋市交通局 八事
40%
Osaka Metro 今里
40%
Osaka Metro 森ノ宮
39%
Osaka Metro 阿波座
38%
名古屋市交通局 御器所
37%
名古屋市交通局 丸の内
36%
名古屋市交通局 今池
35%
名古屋市交通局 上前津
34%
名古屋市交通局 本山
34%
Osaka Metro 長堀橋
32%
Osaka Metro 南森町
29%
Osaka Metro 太子橋今市
28%
Osaka Metro 緑橋
26%
Osaka Metro 蒲生四丁目
25%
Osaka Metro 西長堀
24%
No matching quizzes found
Score Distribution
Percent of People with Each Score
Percentile by Number Answered
Your Score History
You have not taken this quiz